<?xml version="1.0" encoding="UTF-8"?>
<record
    xmlns:xsi="http://www.w3.org/2001/XMLSchema-instance"
    xsi:schemaLocation="http://www.loc.gov/MARC21/slim http://www.loc.gov/standards/marcxml/schema/MARC21slim.xsd"
    xmlns="http://www.loc.gov/MARC21/slim">

  <leader>01850cam a22003138i 4500</leader>
  <controlfield tag="001">20520428</controlfield>
  <controlfield tag="003">NUST</controlfield>
  <controlfield tag="005">20221107162228.0</controlfield>
  <controlfield tag="008">180529s2019    nju      b    001 0 eng  </controlfield>
  <datafield tag="010" ind1=" " ind2=" ">
    <subfield code="a">  2018025509</subfield>
  </datafield>
  <datafield tag="020" ind1=" " ind2=" ">
    <subfield code="a">9781119465812 (hardcover)</subfield>
  </datafield>
  <datafield tag="040" ind1=" " ind2=" ">
    <subfield code="a">DLC</subfield>
    <subfield code="b">eng</subfield>
    <subfield code="e">rda</subfield>
    <subfield code="c">DLC</subfield>
  </datafield>
  <datafield tag="082" ind1="0" ind2="0">
    <subfield code="a">519.53,DEN</subfield>
  </datafield>
  <datafield tag="100" ind1="1" ind2=" ">
    <subfield code="a">Denis, Daniel J.,</subfield>
    <subfield code="d">1974-</subfield>
    <subfield code="e">author.</subfield>
    <subfield code="9">102424</subfield>
  </datafield>
  <datafield tag="245" ind1="1" ind2="0">
    <subfield code="a">SPSS data analysis : </subfield>
    <subfield code="b">for univariate, bivariate, and multivariate statistics /</subfield>
    <subfield code="c">Daniel J. Denis.</subfield>
  </datafield>
  <datafield tag="263" ind1=" " ind2=" ">
    <subfield code="a">1808</subfield>
  </datafield>
  <datafield tag="264" ind1=" " ind2="1">
    <subfield code="a">Hoboken, NJ :</subfield>
    <subfield code="b">Wiley,</subfield>
    <subfield code="c">2019.</subfield>
  </datafield>
  <datafield tag="300" ind1=" " ind2=" ">
    <subfield code="a">pages cm</subfield>
  </datafield>
  <datafield tag="336" ind1=" " ind2=" ">
    <subfield code="a">text</subfield>
    <subfield code="b">txt</subfield>
    <subfield code="2">rdacontent</subfield>
  </datafield>
  <datafield tag="337" ind1=" " ind2=" ">
    <subfield code="a">unmediated</subfield>
    <subfield code="b">n</subfield>
    <subfield code="2">rdamedia</subfield>
  </datafield>
  <datafield tag="338" ind1=" " ind2=" ">
    <subfield code="a">volume</subfield>
    <subfield code="b">nc</subfield>
    <subfield code="2">rdacarrier</subfield>
  </datafield>
  <datafield tag="505" ind1=" " ind2=" ">
    <subfield code="a">Review of Essential Statistical Principles (Page-1), Introduction to SPSS (Page-9), Exploratory Data Analysis, Basic Statistics, and Visual Displays (Page-19), Data Management in SPSS (Page-33), Inferential Tests on Correlations, Counts, and Means (Page-41), Power Analysis and Estimating Sample Size (Page-63), Analysis of Variance: Fixed and Random Effects (Page-69), Repeated Measures ANOVA (Page-91), Simple and Multiple Linear Regression (Page-103), Logistic Regression (Page-131), Multivariate Analysis of Variance (MANOVA) and Discriminant Analysis (Page-141), Principal Components Analysis (Page-163), Exploratory Factor Analysis (Page-175),  Nonparametric Tests (Page-191), </subfield>
  </datafield>
  <datafield tag="630" ind1="0" ind2="0">
    <subfield code="a">SPSS (Computer file)</subfield>
    <subfield code="9">23470</subfield>
  </datafield>
  <datafield tag="650" ind1=" " ind2="0">
    <subfield code="a">Analysis of variance</subfield>
    <subfield code="x">Data processing.</subfield>
    <subfield code="9">102425</subfield>
  </datafield>
  <datafield tag="650" ind1=" " ind2="0">
    <subfield code="a">Multivariate analysis</subfield>
    <subfield code="x">Data processing.</subfield>
    <subfield code="9">102426</subfield>
  </datafield>
  <datafield tag="650" ind1=" " ind2="0">
    <subfield code="a">Mathematical statistics</subfield>
    <subfield code="x">Data processing.</subfield>
    <subfield code="9">9989</subfield>
  </datafield>
  <datafield tag="776" ind1="0" ind2="8">
    <subfield code="i">Online version:</subfield>
    <subfield code="a">Denis, Daniel J., 1974- author.</subfield>
    <subfield code="t">SPSS data analysis for univariate, bivariate, and multivariate statistics</subfield>
    <subfield code="d">Hoboken, NJ : Wiley, 2019</subfield>
    <subfield code="z">9781119465805</subfield>
    <subfield code="w">(DLC) 2018029180</subfield>
  </datafield>
  <datafield tag="942" ind1=" " ind2=" ">
    <subfield code="2">ddc</subfield>
    <subfield code="c">REF</subfield>
  </datafield>
  <datafield tag="999" ind1=" " ind2=" ">
    <subfield code="c">592265</subfield>
    <subfield code="d">592265</subfield>
  </datafield>
  <datafield tag="952" ind1=" " ind2=" ">
    <subfield code="0">0</subfield>
    <subfield code="1">0</subfield>
    <subfield code="2">ddc</subfield>
    <subfield code="4">0</subfield>
    <subfield code="7">0</subfield>
    <subfield code="a">MCS</subfield>
    <subfield code="b">MCS</subfield>
    <subfield code="c">GEN</subfield>
    <subfield code="d">2022-11-07</subfield>
    <subfield code="o">519.53,DEN</subfield>
    <subfield code="p">MCS38199</subfield>
    <subfield code="r">2022-11-07</subfield>
    <subfield code="w">2022-11-07</subfield>
    <subfield code="y">REF</subfield>
    <subfield code="z">Almirah Fresh No.44, Shelf No.6</subfield>
  </datafield>
</record>
